000 00697nam a2200229Ia 4500
003 OSt
005 20220918180913.0
006 a|||||r|||| 00| 0
007 ta
008 220917b |||||||| |||| 00| 0 eng d
024 _a24,699
037 _cTextual
040 _aARTS
_cARTS
_beng
041 _2eng
_aeng
082 _aO111:g(S:521), K0
100 _aTave Stuart M.
_914964
245 0 _aAmiable humorist
_b A study in the comic theory and criticism of the 18th and early 19th centuries
260 _aChicago
_bUniversity of Chicago Press
_c1960
650 _aENGLISH LITERATURE
942 _hO111:g(S:521), K0
_cTEXL
_2CC
999 _c163649
_d163649